| 000 | 01187nam a2200301 a 4500 | ||
|---|---|---|---|
| 001 | 000014095 | ||
| 003 | DO-SdBNP | ||
| 005 | 20260321073639.0 | ||
| 007 | ta | ||
| 008 | 091204e19892009dr aob gr 001 edspa d | ||
| 020 | _a8492311339 | ||
| 040 |
_aDO-SdBNP _bspa _cBNPHU |
||
| 082 | 4 |
_a320.97293 _bJ61c, 2009 _222 |
|
| 100 | 1 |
_aJiménez, Felucho _923276 |
|
| 245 | 1 | 0 |
_a¿Cómo fue el gobierno de Juan Bosch? / _cFelucho Jiménez. |
| 250 | _a4a ed. | ||
| 260 |
_aSanto Domingo : _bAlfa y Omega, _c2009 |
||
| 300 |
_a445 p. : _bil., fotogr., mapas ; _c21 cm. |
||
| 500 | _aIncluye datos biográficos del autor en la solapa de la cubierta | ||
| 500 | _aEn la portada: constitución, leyes, decretos, programas y acciones relevantes del gobierno del prof. Juan Bosch del 1963. Incluye una entrevista especial al prof. Juan Bosch acerca de su programa de gobierno. | ||
| 590 | _aInventariado, 2018/ YL | ||
| 600 | 1 | 0 |
_a Bosch, Juan, _d1909-2001 _976555 |
| 650 | 4 |
_aPromulgación de leyes _931907 |
|
| 651 | 0 |
_aRepública Dominicana _xPolítica y gobierno _945 |
|
| 651 | 4 |
_aRepública Dominicana _xHistoria _9170 |
|
| 910 | _aValidado. Control de calidad MMOLINA | ||
| 942 |
_2ddc _cLBS1 |
||
| 999 |
_c13697 _d13697 |
||